00329nam a2200109Ia 4500008004100000082002000041100002200061245002200083260003200105630001800137650006400155211109s9999||||xx |||||||||||||| ||und|| a894.8121bKUM-N aKumaranassan, N,  0aNalani -Orusteham bFernandus and SonsaBc1902 xGeneral Stack aLiteraturevMalayalam LiteratureMalayalam PoetryxMalayalam